<?xml version="1.0" encoding="UTF-8"?><?xml-stylesheet type="text/xsl" href="static/style.xsl"?><OAI-PMH xmlns="http://www.openarchives.org/OAI/2.0/" xmlns:xsi="http://www.w3.org/2001/XMLSchema-instance" xsi:schemaLocation="http://www.openarchives.org/OAI/2.0/ http://www.openarchives.org/OAI/2.0/OAI-PMH.xsd"><responseDate>2026-04-13T14:23:52Z</responseDate><request verb="GetRecord" identifier="oai:www.recercat.cat:2072/39538" metadataPrefix="marc">https://recercat.cat/oai/request</request><GetRecord><record><header><identifier>oai:recercat.cat:2072/39538</identifier><datestamp>2024-12-11T19:42:11Z</datestamp><setSpec>com_2072_5165</setSpec><setSpec>com_2072_5163</setSpec><setSpec>col_2072_5170</setSpec></header><metadata><record xmlns="http://www.loc.gov/MARC21/slim" xmlns:dcterms="http://purl.org/dc/terms/" xmlns:xsi="http://www.w3.org/2001/XMLSchema-instance" xmlns:doc="http://www.lyncode.com/xoai" xsi:schemaLocation="http://www.loc.gov/MARC21/slim http://www.loc.gov/standards/marcxml/schema/MARC21slim.xsd">
   <leader>00925njm 22002777a 4500</leader>
   <datafield ind2=" " ind1=" " tag="042">
      <subfield code="a">dc</subfield>
   </datafield>
   <datafield ind2=" " ind1=" " tag="720">
      <subfield code="a">García Abadía, Marcos</subfield>
      <subfield code="e">author</subfield>
   </datafield>
   <datafield ind2=" " ind1=" " tag="260">
      <subfield code="c">2009-07-23T08:28:58Z</subfield>
   </datafield>
   <datafield ind2=" " ind1=" " tag="520">
      <subfield code="a">Aquest Treball de Fi de Carrera (TFC) analitza i avalua les polítiques sociolaborals de dos comunitats autònomes: Madrid i Canàries.  Per realitzar-lo s’ ha investigat tant a nivell qualitatiu com quantitatiu, les politiques sociolaborals que es desenvolupant en les dos comunitats per mitja dels plans y programes d’ actuació, realitzats per les seves Consegeries  de Govern. Per realitzar l'estudi quantitatiu de cada comunitat autònoma, s’ ha calculat i analitzat a nivell estadístic, les polítiques sociolaborals, per mitjà d'unes variables i ràtios determinats. Els programes que s' analitzen en aquest estudi són el Pla de Formació Professional que ve desenvolupant la Comunitat de Madrid durant els últims anys, i el Pla per a la Dona a Canàries.</subfield>
   </datafield>
   <datafield ind1="8" ind2=" " tag="024">
      <subfield code="a">http://hdl.handle.net/2072/39538</subfield>
   </datafield>
   <datafield ind2="0" ind1="0" tag="245">
      <subfield code="a">Políticas sociolaborales en las comunidades autónomas de Madrid y Canarias</subfield>
   </datafield>
</record></metadata></record></GetRecord></OAI-PMH>